[Event "Alberta-ch Juniors"]
[Site "Red Deer"]
[Date "2002.11.03"]
[Round "5"]
[White "Rajchel, John"]
[Black "Sestic, Sasa"]
[Result "1-0"]
[WhiteElo "1750"]
[BlackElo "2500"]
[PlyCount "41"]
[EventDate "2002.11.02"]
[EventType "swiss"]
[EventRounds "5"]
[EventCountry "CAN"]
[SourceTitle "EXT 2017"]
[Source "ChessBase"]
[SourceDate "2016.10.25"]
[SourceVersion "1"]
[SourceVersionDate "2016.10.25"]
[SourceQuality "1"]

1. e4 e5 2. Nf3 Nf6 3. Nc3 Nc6 4. Bb5 Nb8 5. d3 c5 6. Ba4 b5 7. Bb3 d6 8. h3 Be7 9. Bg5 Ng8 10. Bxe7 Qxe7 11. 0-0 h5 12. Qd2 Nf6 13. Ng5 0-0 14. f4 exf4 15. Rxf4 d5 16. Re1 dxe4 17. Ngxe4 g5 18. Nxf6+ Kh8 19. Rxe7 gxf4 20. Qxf4 Nc6 21. Qh6# 1-0